00627nam a2200169Ia 4500008004100000020002300041040002600064082002000090100002700110245008900137260003100226942004300257952011900300999001700419003000400436005001700440241206s9999||||xx |||||||||||||| ||und|| a9780132251839c301 bengcSSK Libraryerda a729.0285536/FEN a Jin Feng & Jiang Lu - 0aBasic Cad For Interior Designers:Autocad, Architectural Desktop, And Viz Render 2007 b Pearson Educationc©2008 2Dewey Decimal ClassificationcBOOKnNo 00104070aSSHQbSSHQd2024-12-06g301.00l0o729.0285536/FENp10071670r2024-12-06 22:26:58t2w2024-12-06yBOOK c16389d16389OSt20241206223246.0